Statistics for Composers by Operas

Click here to take the quiz!

General Stats

  • This quiz has been taken 61 times
  • The average score is 10 of 18

Answer Stats

OperaComposer% Correct
The Magic FluteWolfgang Amadeus Mozart
96%
FidelioLudwig van Beethoven | Arturo Toscanini
95%
AidaGiuseppe Verdi
91%
William TellGioachino Rossini
87%
Der Ring des NibelungenRichard Wagner
87%
Madama ButterflyGiacomo Puccini
85%
CarmenGeorges Bizet
84%
Eugene OneginPyotr Ilyich Tchaikovsky
84%
NormaVincenzo Bellini
55%
Arianna in CretaGeorge Frideric Handel
51%
Pelléas et MélisandreClaude Debussy
47%
Samson & DelilahCamille Saint-Saëns
36%
The Tsar's BrideNikolai Rimsky-Korsakov
36%
Alfonso und EstrellaFranz Schubert
35%
Il mondo della lunaJoseph Haydn
31%
Don SancheFranz Liszt
24%
ArgippoAntonio Vivaldi
13%
Die beiden NeffenFelix Mendelssohn
9%

Score Distribution

Percentile by Number Answered

Percent of People with Each Score

Your Score History

You have not taken this quiz